00241nam a2200085Ia 4500008004100000020002200041082001900063100002400082245004900106220624s9999 xx 000 0 und d a978-0-620-46750-6 a305.800689ZITH aZITHA ELIAS VELAPHI 0aXONOPHOBIA IN SOUTH AFRICA PRE-AND-APARTHEID